| 000 | 01044cam a2200241 4500 | ||
|---|---|---|---|
| 001 | ABS66061 | ||
| 008 | 021028n2002 000 0 eng u | ||
| 035 | _a(Sirsi) u120276 | ||
| 245 | _aSpecial report 2002: E-commerce/PCS | ||
| 260 | _c2002 | ||
| 490 |
_aEstates Gazette _v(0241) 12 October 2002, 135-147(7) |
||
| 520 | _aSpecial report on e-commerce and this year's Property Computer Show (PCS). Provides an overview of the PCS including a timetable of events and the products that exhibitors are offering. Looks at web-based systems for property managers and discusses the proliferation of house price indices available online. Also highlights the importance for property firms of registering with the right domains. | ||
| 590 | _aABS | ||
| 650 | _aE-COMMERCE | ||
| 650 | _aPROPERTY COMPUTER SHOW | ||
| 650 | _aPROPERTY SOFTWARE | ||
| 650 | _aDOMAINS | ||
| 650 | _aINTERNET | ||
| 650 | _aPROPERTY MANAGERS | ||
| 650 | _aHOUSE PRICE INDICES | ||
| 690 | _aMANAGEMENT-BUSINESS MANAGEMENT-INFORMATION MANAGEMENT | ||
| 942 | _n0 | ||
| 999 |
_c71460 _d71460 |
||